00388nam a2200133Ia 4500008004100000020002100041041000800062082001900070100001600089245008400105260004500189300000800234365001200242140306s9999 xx 000 0 und d a81 242 0131 5 aeng a658bNEW/EN-15 aNowby, Tony aEncyclopaedia of practical managemetn training : cost -effective training V .15 aNew DelhibCrest Publishing Housec 1998 a112 bRs .470